000 00551nam a22001695i 4500
001 153053
003 ES-MaACL
005 20230906205012.0
008 010717s18541986fr |||| | fre d
040 _aCYL
_bspa
_cCYL
100 1 _aCazenave de la Roche, Edoaurd.
_937239
245 1 0 _aRecherches cliniques sur les eaux-bonnes /
_cpar Édouard Cazenave.
260 _aParis :
_bMallet-Bachelier,
_c1854.
300 _aX, 105 p. ;
_c21 cm.
650 0 4 _aHidroterapia.
_913343
852 _aES-MaACL
_jR-1370(1)
_z-- Enc. hol.
_z.- Donat. Mateo Seoane
999 _c153053
_d153053